| 000 | 00341nam a2200133Ia 4500 | ||
|---|---|---|---|
| 008 | 220204s9999 xx 000 0 und d | ||
| 082 |
_a331:631 _bWOR |
||
| 245 | 0 | _aWorkers health and medical and plantations | |
| 260 |
_aNiligiris _bUPASI _c1961 |
||
| 650 | _aMedical aid | ||
| 650 | _aPlantations | ||
| 650 | _aWorkers health | ||
| 942 | _cBK | ||
| 999 |
_c21995 _d21995 |
||